| Tag |
First Indicator |
Second Indicator |
Subfields |
| LEADER |
00000cam a2200000 a 4500 |
| 001 |
in00001408607 |
| 005 |
20151020064307.0 |
| 008 |
970710s1997 ncua b 001 0 eng |
| 010 |
|
|
|a 97024235
|
| 020 |
|
|
|a 0786404086 (lib. : alk. paper)
|
| 035 |
|
|
|a (OCoLC)37331534
|
| 035 |
|
|
|9 AHP4890AM
|
| 040 |
|
|
|a DLC
|c DLC
|d TXA
|d UtOrBLW
|
| 043 |
|
|
|a n-us---
|
| 049 |
|
|
|a TXAM
|
| 050 |
0 |
0 |
|a HD4605
|b .K447 1997
|
| 082 |
0 |
0 |
|a 352.16/0973
|2 21
|
| 100 |
1 |
|
|a Kemp, Roger L.
|
| 245 |
1 |
0 |
|a Managing America's cities :
|b a handbook for local government productivity /
|c Roger L. Kemp.
|
| 264 |
|
1 |
|a Jefferson, N.C. :
|b McFarland & Company,
|c [1997]
|
| 264 |
|
4 |
|c ©1997
|
| 300 |
|
|
|a ix, 460 pages :
|b illustrations ;
|c 24 cm.
|
| 336 |
|
|
|a text
|b txt
|2 rdacontent
|
| 337 |
|
|
|a unmediated
|b n
|2 rdamedia
|
| 338 |
|
|
|a volume
|b nc
|2 rdacarrier
|
| 504 |
|
|
|a Includes bibliographical references (pages 397-447) and index.
|
| 650 |
|
0 |
|a Municipal services
|z United States
|x Management.
|
| 650 |
|
0 |
|a Government productivity.
|
| 650 |
|
0 |
|a Municipal government
|z United States.
|
| 948 |
|
|
|a c:rd
|
| 999 |
|
|
|a MARS
|
| 999 |
f |
f |
|s 15db6097-8404-391e-98c2-7ee26b352768
|i 32d294ef-cd31-3fd7-8b69-398bcf5c71be
|t 0
|
| 952 |
f |
f |
|p ric
|a Texas A&M University
|b Rellis Campus
|c Joint Library Facility
|d Remote Storage
|t 0
|e HD4605 .K447 1997
|h Library of Congress classification
|i unmediated -- volume
|m A14822404049
|
| 998 |
f |
f |
|a HD4605 .K447 1997
|t 0
|l Remote Storage
|